000 00840nam a22002537a 4500
005 20170124110045.0
010 _a476819
020 _c00.00
035 _a476819
037 _bCen Lib/Ret
040 _aDPL
_bEN
082 _a880.8
_bWBY
245 _a1865 W.B. Yeast 1965 :
_cedited by D.E.S. Maxwell [and] S.B. Bushrui
_bcentralry essys onthe art of W.B. Yeast /
246 _aOne thousand eight hundred sixty five w.b. yeats 1965 :
_bcentralry essys onthe art of W.B. Yeast /
260 _aNigeria
_bIbadan Unversity Press
_c1965
270 _bNigeria
300 _axvi,252p.
_c21cm(Hb)
500 _aIncludes index
650 _aEnglish literature
_9101839
650 _aNationalism
_9101840
700 _aMaxwell, D.E.S
_923691
700 _aBushrui, S.B.
_924373
942 _2ddc
_cEN
_h880.8
_mWBY
999 _c128764
_d128764